00325nam a2200121Ia 4500008004100000100002300041245004600064260004200110300000900152650001800161942000700179999001700186190216s9999||||xx |||||||||||||| ||und|| aKenneth Lillington 4aThe Fourth Windmill Book Of One Act Plays bHeinemann Educational Books Ltdc1967 a107p aEnglish Drama cBK c12485d12485